<?xml version="1.0" encoding="UTF-8"?>
<record
    xmlns:xsi="http://www.w3.org/2001/XMLSchema-instance"
    xsi:schemaLocation="http://www.loc.gov/MARC21/slim http://www.loc.gov/standards/marcxml/schema/MARC21slim.xsd"
    xmlns="http://www.loc.gov/MARC21/slim">

  <leader>00654nam a22002057a 4500</leader>
  <controlfield tag="003">OSt</controlfield>
  <controlfield tag="005">20140310182347.0</controlfield>
  <controlfield tag="008">130928t        xxu||||| |||| 00| 0 eng d</controlfield>
  <datafield tag="020" ind1=" " ind2=" ">
    <subfield code="a">9780439872010</subfield>
  </datafield>
  <datafield tag="050" ind1=" " ind2=" ">
    <subfield code="a">BS 551.3 </subfield>
    <subfield code="b">.F35 2006</subfield>
  </datafield>
  <datafield tag="082" ind1=" " ind2=" ">
    <subfield code="a">GS 242.62 </subfield>
    <subfield code="b">F21 2006</subfield>
  </datafield>
  <datafield tag="245" ind1=" " ind2=" ">
    <subfield code="a">Family faith and treasury : </subfield>
    <subfield code="b">a year of inspirational stories / </subfield>
    <subfield code="c">Selected and edited by Eva Moore.  </subfield>
  </datafield>
  <datafield tag="260" ind1=" " ind2=" ">
    <subfield code="a">New York, NY : </subfield>
    <subfield code="b">Scholastic, </subfield>
    <subfield code="c">c2006.  </subfield>
  </datafield>
  <datafield tag="300" ind1=" " ind2=" ">
    <subfield code="a">154 p. :</subfield>
    <subfield code="b">ill, ;</subfield>
    <subfield code="c">28 cm.</subfield>
  </datafield>
  <datafield tag="541" ind1=" " ind2=" ">
    <subfield code="j">1</subfield>
  </datafield>
  <datafield tag="562" ind1=" " ind2=" ">
    <subfield code="e">1</subfield>
  </datafield>
  <datafield tag="650" ind1=" " ind2=" ">
    <subfield code="a">Bible stories, English</subfield>
    <subfield code="x">Juvenile literature.  </subfield>
    <subfield code="9">22039</subfield>
  </datafield>
  <datafield tag="650" ind1=" " ind2=" ">
    <subfield code="a">Childrens stories. </subfield>
    <subfield code="9">5902</subfield>
  </datafield>
  <datafield tag="942" ind1=" " ind2=" ">
    <subfield code="2">lcc</subfield>
    <subfield code="c">BK-GS</subfield>
  </datafield>
  <datafield tag="999" ind1=" " ind2=" ">
    <subfield code="c">12269</subfield>
    <subfield code="d">12269</subfield>
  </datafield>
  <datafield tag="952" ind1=" " ind2=" ">
    <subfield code="0">0</subfield>
    <subfield code="1">0</subfield>
    <subfield code="2">lcc</subfield>
    <subfield code="4">0</subfield>
    <subfield code="a">LUX</subfield>
    <subfield code="b">LUX</subfield>
    <subfield code="c">GS</subfield>
    <subfield code="d">2013-09-28</subfield>
    <subfield code="l">0</subfield>
    <subfield code="o">BS 551.3  .F35 2006</subfield>
    <subfield code="p">15619</subfield>
    <subfield code="r">2015-10-28 00:00:00</subfield>
    <subfield code="t">1</subfield>
    <subfield code="w">2013-09-28</subfield>
    <subfield code="y">BK</subfield>
  </datafield>
</record>
